[Event "IBCA Wch blind 13th"]
[Site "Katerini"]
[Date "2014.05.06"]
[Round "2"]
[White "Jandric, Damjan"]
[Black "Krylov, Sergey"]
[Result "0-1"]
[WhiteElo "2070"]
[BlackElo "2295"]
[PlyCount "54"]
[EventDate "2014.05.05"]
[EventType "swiss"]
[EventRounds "9"]
[EventCountry "GRE"]
[SourceTitle "CBM 160 Extra"]
[Source "ChessBase"]
[SourceDate "2014.07.01"]
[SourceVersion "1"]
[SourceVersionDate "2014.07.01"]
[SourceQuality "1"]

1. e4 c5 2. Nf3 e6 3. d3 Nc6 4. g3 d5 5. Qe2 Be7 6. Bg2 Nf6 7. 0-0 0-0 8. e5 Nd7 9. c4 dxc4 10. dxc4 b6 11. h4 Bb7 12. Bf4 Nd4 13. Nxd4 Bxg2 14. Kxg2 cxd4 15. Nd2 Nc5 16. Nf3 Qd7 17. Rfd1 d3 18. Qe3 Rfd8 19. Ne1 a5 20. b3 b5 21. Rac1 b4 22. Rd2 a4 23. bxa4 Rxa4 24. Rcd1 Ra3 25. h5 h6 26. Kh2 Qc6 27. g4 Ne4 0-1

[Event "IBCA-ol blind 14th"]
[Site "Chennai"]
[Date "2012.08.19"]
[Round "9.3"]
[White "Hilton, Stephen H"]
[Black "Krylov, Sergey"]
[Result "0-1"]
[WhiteElo "1928"]
[BlackElo "2337"]
[PlyCount "108"]
[EventDate "2012.08.10"]
[EventType "team-swiss"]
[EventRounds "9"]
[EventCountry "IND"]
[SourceTitle "CBM 149 Extra"]
[Source "ChessBase"]
[SourceDate "2012.08.24"]
[SourceVersion "1"]
[SourceVersionDate "2012.08.24"]
[SourceQuality "1"]
[WhiteTeam "Great Britain"]
[BlackTeam "Russia"]
[WhiteTeamCountry "GBR"]
[BlackTeamCountry "RUS"]

1. Nf3 Nf6 2. c4 b6 3. g3 Bb7 4. Bg2 e6 5. 0-0 Be7 6. Nc3 0-0 7. Re1 d5 8. cxd5 exd5 9. d4 Na6 10. Bg5 h6 11. Bxf6 Bxf6 12. Rc1 Re8 13. e3 c5 14. dxc5 bxc5 15. Qd2 Qd7 16. Rcd1 Rad8 17. Qc1 Qe6 18. a3 Bc6 19. Nd2 Rb8 20. e4 d4 21. Nd5 Ba4 22. b3 Bxb3 23. Nxb3 Rxb3 24. f4 Reb8 25. e5 Bd8 26. Be4 Ba5 27. Re2 Bc3 28. f5 Qxe5 29. f6 Qg5 30. Qxg5 hxg5 31. Ne7+ Kf8 32. fxg7+ Kxg7 33. Nc6 Re8 34. Nxa7 Rxa3 35. Nb5 Rb3 36. Nd6 Rd8 37. Bd5 Rb6 38. Ne8+ Kg6 39. Bc4 Nb4 40. Re7 f5 41. Bg8 g4 42. Rg7+ Kh6 43. Rh7+ Kg5 44. Bf7 Rxe8 45. Bxe8 Re6 46. Bd7 Rf6 47. Be8 Rf8 48. Bb5 Nd5 49. Bc6 Ne3 50. Rb1 d3 51. Rb6 Bb4 52. Ra6 d2 53. Ba4 Nc2 54. Kg2 d1Q 0-1

[Event "IBCA EU-ch blind 05th"]
[Site "Rhodes"]
[Date "2011.09.10"]
[Round "5"]
[White "Hilton, Stephen H"]
[Black "Krylov, Sergey"]
[Result "0-1"]
[WhiteElo "1923"]
[BlackElo "2352"]
[PlyCount "52"]
[EventDate "2011.09.06"]
[EventType "swiss"]
[EventRounds "9"]
[EventCountry "GRE"]
[SourceTitle "CBM 144 Extra"]
[Source "ChessBase"]
[SourceDate "2011.10.28"]
[SourceVersion "1"]
[SourceVersionDate "2011.10.28"]
[SourceQuality "1"]

1. d4 Nf6 2. c4 e6 3. Nf3 b6 4. e3 Bb7 5. Bd3 c5 6. 0-0 Nc6 7. a3 Be7 8. Nc3 d5 9. cxd5 exd5 10. Bb5 0-0 11. b3 Na5 12. dxc5 bxc5 13. Bb2 Qb6 14. Ba4 Rfd8 15. Rb1 d4 16. exd4 cxd4 17. Na2 d3 18. Nd2 Nc6 19. Nc4 Qc5 20. Rc1 Nd4 21. Bxd4 Rxd4 22. b4 Qg5 23. Ne3 Ng4 24. f4 Rxf4 25. Nxg4 Rxg4 26. g3 Rxg3+ 0-1

[Event "Olympiad-39"]
[Site "Khanty-Mansiysk"]
[Date "2010.09.23"]
[Round "3.2"]
[White "Mamedov, Rauf"]
[Black "Krylov, Sergey"]
[Result "1-0"]
[WhiteElo "2660"]
[BlackElo "2359"]
[PlyCount "53"]
[EventDate "2010.09.21"]
[EventType "team-swiss"]
[EventRounds "11"]
[EventCountry "RUS"]
[SourceTitle "CBM 139"]
[Source "ChessBase"]
[SourceDate "2010.11.18"]
[SourceVersion "1"]
[SourceVersionDate "2010.11.18"]
[SourceQuality "1"]
[WhiteTeam "Azerbaijan"]
[BlackTeam "IBCA"]
[WhiteTeamCountry "AZE"]

1. e4 c5 2. Nf3 e6 3. Nc3 a6 4. g3 b5 5. Bg2 Bb7 6. d3 d6 7. 0-0 Be7 8. Re1 Nd7 9. d4 cxd4 10. Nxd4 Qc7 11. a4 b4 12. Na2 Ngf6 13. Nxb4 Nc5 14. Nbc6 Ncxe4 15. Nxe7 Qxe7 16. f3 Nc5 17. b4 0-0-0 18. Qe2 Ncd7 19. Ba3 Nb8 20. b5 Qc7 21. bxa6 Bxa6 22. Nb5 Qb6+ 23. Kh1 Rd7 24. Reb1 Ne8 25. Qc4+ Qc6 26. Qd4 Kd8 27. Na7 1-0

[Event "IBCA Wch blind 12th"]
[Site "Belgrade"]
[Date "2010.09.03"]
[Round "8.2"]
[White "Krylov, Sergey"]
[Black "Suder, Ryszard"]
[Result "1/2-1/2"]
[WhiteElo "2359"]
[BlackElo "2210"]
[PlyCount "124"]
[EventDate "2010.08.26"]
[EventType "swiss"]
[EventRounds "9"]
[EventCountry "SRB"]
[SourceTitle "EXT 2011"]
[Source "ChessBase"]
[SourceDate "2010.11.26"]
[SourceVersion "1"]
[SourceVersionDate "2010.11.26"]
[SourceQuality "1"]

1. e4 d6 2. d4 Nf6 3. Bd3 e5 4. c3 d5 5. dxe5 Nxe4 6. Nf3 Nc6 7. h3 Be7 8. 0-0 Bf5 9. Nd4 Bg6 10. Bb5 Qd7 11. Nd2 a6 12. Ba4 Nc5 13. Nxc6 bxc6 14. Bc2 Bxc2 15. Qxc2 0-0 16. Nf3 f6 17. Be3 fxe5 18. Nxe5 Qe6 19. Rae1 Ne4 20. Nd3 Bd6 21. Qd1 Qg6 22. Qg4 Qxg4 23. hxg4 a5 24. f3 Nf6 25. Re2 Nd7 26. Bf2 Rfe8 27. Rfe1 Kf7 28. Rxe8 Rxe8 29. Rxe8 Kxe8 30. b4 a4 31. Bd4 g6 32. Kf2 Ke7 33. g5 Ke6 34. g4 Nb6 35. f4 Nc4 36. Ke2 Bf8 37. Ne5 Nxe5 38. Bxe5 Kd7 39. f5 c5 40. bxc5 Bxc5 41. Kd3 c6 42. c4 Bf2 43. Bd4 Be1 44. Be3 Ba5 45. Bc1 Bb6 46. Kc3 Bc5 47. Bd2 Ke7 48. Kd3 Bf2 49. Be3 Bg3 50. Kc3 Be1+ 51. Kd4 Ba5 52. Kc5 dxc4 53. Kxc6 Be1 54. Kb5 c3 55. Kxa4 Bd2 56. Bc5+ Kd7 57. Kb3 gxf5 58. gxf5 Bxg5 59. Kxc3 h5 60. Kd3 Kc6 61. Be3 Bf6 62. Ke4 Bd8 1/2-1/2

[Event "Obninsk op"]
[Site "Obninsk"]
[Date "2009.07.??"]
[Round "5"]
[White "Apryshko, Gleb"]
[Black "Krylov, Sergey"]
[Result "0-1"]
[WhiteElo "2181"]
[BlackElo "2381"]
[PlyCount "40"]
[EventDate "2009.07.??"]
[EventType "swiss"]
[EventRounds "9"]
[EventCountry "RUS"]
[SourceTitle "CBM 131 Extra"]
[Source "ChessBase"]
[SourceDate "2009.09.03"]
[SourceVersion "2"]
[SourceVersionDate "2009.09.16"]
[SourceQuality "1"]

1. e4 c5 2. Nf3 e6 3. d3 Nc6 4. g3 g6 5. Bg5 Qb6 6. Qc1 Bg7 7. c3 h6 8. Be3 d5 9. Na3 Nf6 10. Qc2 Ng4 11. Bf4 0-0 12. h3 Nge5 13. Nxe5 Nxe5 14. 0-0-0 Bd7 15. Bg2 Bc6 16. Rhe1 Rfe8 17. Be3 d4 18. Bd2 Qa6 19. Bf1 Nf3 20. Re2 Nxd2 0-1

[Event "Obninsk op"]
[Site "Obninsk"]
[Date "2009.07.??"]
[Round "2"]
[White "Popelyshev, Igor Viktorovich"]
[Black "Krylov, Sergey"]
[Result "1/2-1/2"]
[WhiteElo "2119"]
[BlackElo "2381"]
[PlyCount "20"]
[EventDate "2009.07.??"]
[EventType "swiss"]
[EventRounds "9"]
[EventCountry "RUS"]
[SourceTitle "CBM 131 Extra"]
[Source "ChessBase"]
[SourceDate "2009.09.03"]
[SourceVersion "2"]
[SourceVersionDate "2009.09.16"]
[SourceQuality "1"]

1. e4 c5 2. Na3 a6 3. b3 Nf6 4. d3 g6 5. Bb2 Bg7 6. Nc4 b5 7. Ne3 0-0 8. g3 Nc6 9. Bg2 Qa5+ 10. c3 e5 1/2-1/2

[Event "Olympiad-38"]
[Site "Dresden"]
[Date "2008.11.15"]
[Round "3"]
[White "Svetushkin, Dmitry"]
[Black "Krylov, Sergey"]
[Result "1-0"]
[WhiteElo "2588"]
[BlackElo "2388"]
[PlyCount "91"]
[EventDate "2008.11.13"]
[EventType "team-swiss"]
[EventRounds "11"]
[EventCountry "GER"]
[SourceTitle "CBM 128"]
[Source "ChessBase"]
[SourceDate "2009.01.28"]
[SourceVersion "1"]
[SourceVersionDate "2009.01.28"]
[SourceQuality "1"]
[WhiteTeam "Moldova"]
[BlackTeam "IBCA"]
[WhiteTeamCountry "MDA"]

1. d4 Nf6 2. c4 e6 3. Nf3 b6 4. Nc3 Bb4 5. Bg5 h6 6. Bh4 Bb7 7. Nd2 Bxc3 8. bxc3 d6 9. f3 Nbd7 10. e4 Qe7 11. Qa4 g5 12. Bf2 Kf8 13. Bd3 Kg7 14. 0-0 e5 15. Rfe1 Nh5 16. Nf1 Nf4 17. Ne3 Qe8 18. Bf1 Nf6 19. Qa3 Bc8 20. c5 dxc5 21. dxc5 Be6 22. c4 Nd7 23. Nd5 Rc8 24. Qxa7 bxc5 25. Qa3 c6 26. Ne3 Kh7 27. Qc3 f6 28. Nf5 Ra8 29. g3 Ng6 30. a4 Ra6 31. a5 Qa8 32. Red1 Qb8 33. Be1 Qc7 34. Ra2 Rb8 35. Qe3 Ngf8 36. h4 Qb7 37. Rh2 Bxf5 38. exf5 Kg7 39. hxg5 hxg5 40. f4 gxf4 41. gxf4 Kf7 42. Be2 Qb3 43. Rd3 Qb1 44. Bh5+ Ke7 45. fxe5 fxe5 46. Qg5+ 1-0

[Event "Olympiad-38"]
[Site "Dresden"]
[Date "2008.11.13"]
[Round "1"]
[White "Agnelo, Amorim"]
[Black "Krylov, Sergey"]
[Result "1/2-1/2"]
[WhiteElo "2168"]
[BlackElo "2388"]
[PlyCount "78"]
[EventDate "2008.11.13"]
[EventType "team-swiss"]
[EventRounds "11"]
[EventCountry "GER"]
[SourceTitle "CBM 128"]
[Source "ChessBase"]
[SourceDate "2009.01.28"]
[SourceVersion "1"]
[SourceVersionDate "2009.01.28"]
[SourceQuality "1"]
[WhiteTeam "Angola"]
[BlackTeam "IBCA"]
[WhiteTeamCountry "ANG"]

1. d4 Nf6 2. c4 g6 3. Nc3 Bg7 4. e4 d6 5. f3 a6 6. Be3 c6 7. a4 Nbd7 8. Nh3 0-0 9. Nf2 c5 10. d5 h5 11. Be2 Re8 12. 0-0 e6 13. dxe6 Rxe6 14. Qd2 b6 15. Nh3 Bf8 16. Nf4 Re8 17. Rad1 Bb7 18. Rfe1 Bc6 19. b3 Qb8 20. Bf1 Qb7 21. Nfd5 Bxd5 22. Nxd5 Nxd5 23. Qxd5 Qxd5 24. Rxd5 Ne5 25. Bf4 f6 26. Red1 Kf7 27. Kf2 Ke6 28. g3 Rad8 29. Bh3+ Kf7 30. Bf1 g5 31. Bxe5 Rxe5 32. Rxe5 fxe5 33. Be2 Kg6 34. Ke3 Be7 35. Rf1 Rf8 36. h3 a5 37. Kd3 Kh6 38. Ke3 Kg6 39. Kd3 Kh6 1/2-1/2

[Event "IBCA-ol blind 13th"]
[Site "Heraklion"]
[Date "2008.10.21"]
[Round "3.3"]
[White "Draghici Flutur, Gavril"]
[Black "Krylov, Sergey"]
[Result "0-1"]
[WhiteElo "2153"]
[BlackElo "2388"]
[PlyCount "114"]
[EventDate "2008.10.19"]
[EventType "team-swiss"]
[EventRounds "9"]
[EventCountry "GRE"]
[SourceTitle "EXT 2010"]
[Source "ChessBase"]
[SourceDate "2010.11.25"]
[SourceVersion "1"]
[SourceVersionDate "2010.11.25"]
[SourceQuality "1"]
[WhiteTeam "Spain (blind)"]
[BlackTeam "Russia (blind)"]
[WhiteTeamCountry "ESP"]
[BlackTeamCountry "RUS"]

1. e4 c5 2. Nf3 e6 3. d4 cxd4 4. Nxd4 a6 5. Nc3 b5 6. Bd3 Qc7 7. 0-0 Bb7 8. Re1 Nc6 9. Nxc6 dxc6 10. a4 Bd6 11. h3 Nf6 12. axb5 axb5 13. Rxa8+ Bxa8 14. Qe2 Be5 15. Rf1 0-0 16. f4 Bd4+ 17. Be3 Bxc3 18. bxc3 c5 19. e5 Nd5 20. Bd2 c4 21. Be4 Nb6 22. Rb1 Qd7 23. Be1 Bxe4 24. Qxe4 Ra8 25. Bf2 Nd5 26. Bc5 h6 27. Qd4 Ra2 28. Qd2 Qc6 29. Bd6 Qb6+ 30. Kh2 Ne3 31. Bc7 Qxc7 32. Qxe3 Rxc2 33. Rxb5 Rxg2+ 34. Kxg2 Qc6+ 35. Qf3 Qxb5 36. Qa8+ Kh7 37. Qe4+ g6 38. Kf3 Qb3 39. Qd4 Qb7+ 40. Kg3 Qc6 41. Qa7 Kg7 42. Qe7 Qe4 43. Qf6+ Kg8 44. Qd8+ Kh7 45. Qf6 Qe3+ 46. Kg2 Qd2+ 47. Kg1 Kg8 48. h4 Qxc3 49. Qd8+ Kh7 50. Qf6 Qc1+ 51. Kf2 Qd2+ 52. Kg3 Kg8 53. h5 c3 54. hxg6 Qd3+ 55. Kf2 Qxg6 56. Qd8+ Kg7 57. Qd4 Qc2+ 0-1

[Event "IBCA-ol blind 13th"]
[Site "Heraklion"]
[Date "2008.10.20"]
[Round "2.3"]
[White "Krylov, Sergey"]
[Black "Sakic, Milutin"]
[Result "1-0"]
[WhiteElo "2388"]
[BlackElo "2146"]
[PlyCount "85"]
[EventDate "2008.10.19"]
[EventType "team-swiss"]
[EventRounds "9"]
[EventCountry "GRE"]
[SourceTitle "EXT 2010"]
[Source "ChessBase"]
[SourceDate "2010.11.25"]
[SourceVersion "1"]
[SourceVersionDate "2010.11.25"]
[SourceQuality "1"]
[WhiteTeam "Russia (blind)"]
[BlackTeam "Croatia (blind)"]
[WhiteTeamCountry "RUS"]
[BlackTeamCountry "CRO"]

1. e4 e5 2. Nf3 Nc6 3. Bb5 a6 4. Ba4 Nf6 5. 0-0 b5 6. Bb3 Bb7 7. Re1 Bc5 8. c3 d6 9. d4 Bb6 10. a4 0-0 11. Na3 h6 12. h3 Re8 13. d5 Ne7 14. c4 b4 15. Nb1 a5 16. Nbd2 c6 17. Bc2 Rc8 18. Bd3 Ng6 19. Nf1 Nf4 20. Bxf4 exf4 21. Qd2 g5 22. N1h2 Kg7 23. Rad1 cxd5 24. exd5 Rc7 25. b3 Rce7 26. Rxe7 Rxe7 27. Qb2 Bc8 28. Nd4 Bxd4 29. Qxd4 Kg8 30. c5 dxc5 31. Qxc5 Re5 32. Bc4 Ne4 33. Qd4 Qd6 34. Nf3 Re7 35. Re1 f5 36. Nd2 Kh7 37. Nxe4 fxe4 38. Rxe4 Bf5 39. Rxe7+ Qxe7 40. d6 Qe1+ 41. Kh2 Bd7 42. Qa7 Qe8 43. Bb5 1-0

[Event "IBCA EU-ch blind 04th"]
[Site "Durham"]
[Date "2007.08.23"]
[Round "9.6"]
[White "Schellmann, Frank"]
[Black "Krylov, Sergey"]
[Result "1-0"]
[WhiteElo "2141"]
[BlackElo "2409"]
[PlyCount "93"]
[EventDate "2007.08.14"]
[EventType "swiss"]
[EventRounds "9"]
[EventCountry "ENG"]
[SourceTitle "EXT 2008"]
[Source "ChessBase"]
[SourceDate "2007.11.25"]
[SourceVersion "1"]
[SourceVersionDate "2007.11.25"]
[SourceQuality "1"]

1. e4 c5 2. Nf3 e6 3. c3 Nf6 4. e5 Nd5 5. d4 cxd4 6. cxd4 d6 7. Bc4 Nb6 8. Bd3 Nc6 9. 0-0 Be7 10. Nc3 Nb4 11. exd6 Bxd6 12. Be4 f5 13. Bb1 0-0 14. Re1 N4d5 15. a4 Nb4 16. Bg5 Qe8 17. Nb5 Bb8 18. Qb3 N6d5 19. Bd2 a5 20. Ne5 Bxe5 21. dxe5 Bd7 22. Nd6 Qb8 23. Bxb4 axb4 24. Bxf5 Qa7 25. Rf1 Qd4 26. Qd3 Qh4 27. Qh3 Qxh3 28. Bxh3 Nf4 29. Nxb7 Nxh3+ 30. gxh3 Bxa4 31. Rfc1 Bb5 32. Rxa8 Rxa8 33. Nd6 Bd3 34. Rc8+ Rxc8 35. Nxc8 g5 36. Kg2 Kg7 37. h4 gxh4 38. f4 Kg6 39. Ne7+ Kh5 40. Kf3 Bc4 41. f5 exf5 42. Kf4 Be6 43. Nxf5 Kg6 44. Nxh4+ Kf7 45. Nf3 h6 46. Nd4 Bd5 47. Kf5 1-0

[Event "IBCA EU-ch blind 04th"]
[Site "Durham"]
[Date "2007.08.22"]
[Round "8.6"]
[White "Krylov, Sergey"]
[Black "Sakic, Milutin"]
[Result "1/2-1/2"]
[WhiteElo "2409"]
[BlackElo "2163"]
[PlyCount "42"]
[EventDate "2007.08.14"]
[EventType "swiss"]
[EventRounds "9"]
[EventCountry "ENG"]
[SourceTitle "EXT 2008"]
[Source "ChessBase"]
[SourceDate "2007.11.25"]
[SourceVersion "1"]
[SourceVersionDate "2007.11.25"]
[SourceQuality "1"]

1. e4 e5 2. Nf3 Nc6 3. Bb5 a6 4. Ba4 Nf6 5. 0-0 b5 6. Bb3 Bc5 7. d3 h6 8. c3 d6 9. a4 Bg4 10. Nbd2 0-0 11. h3 Be6 12. Bxe6 fxe6 13. axb5 axb5 14. Rxa8 Qxa8 15. Qb3 Qe8 16. Qxb5 Nh5 17. Nb3 Bb6 18. d4 exd4 19. Nfxd4 Nxd4 20. Nxd4 Qxb5 21. Nxb5 Ng3 1/2-1/2

[Event "IBCA EU-ch blind 04th"]
[Site "Durham"]
[Date "2007.08.21"]
[Round "7.3"]
[White "Grigorchuk, Sergey"]
[Black "Krylov, Sergey"]
[Result "1-0"]
[WhiteElo "2235"]
[BlackElo "2409"]
[PlyCount "103"]
[EventDate "2007.08.14"]
[EventType "swiss"]
[EventRounds "9"]
[EventCountry "ENG"]
[SourceTitle "EXT 2008"]
[Source "ChessBase"]
[SourceDate "2007.11.25"]
[SourceVersion "1"]
[SourceVersionDate "2007.11.25"]
[SourceQuality "1"]

1. d4 Nf6 2. c4 g6 3. Nc3 Bg7 4. e4 d6 5. Nf3 0-0 6. Be2 Na6 7. 0-0 e5 8. Re1 Qe8 9. Bf1 Bg4 10. d5 Nb4 11. Be2 a5 12. Be3 Bd7 13. Nd2 Na6 14. a3 b6 15. Nb5 Qc8 16. b4 Ng4 17. Bxg4 Bxg4 18. f3 Bd7 19. bxa5 bxa5 20. a4 Nc5 21. Nb3 Nxb3 22. Qxb3 Qb7 23. Rab1 Rfb8 24. Qd3 Qc8 25. Rec1 Qd8 26. c5 dxc5 27. Bxc5 c6 28. dxc6 Bxc6 29. Qxd8+ Rxd8 30. Bb6 Bxb5 31. Bxd8 Bxa4 32. Ra1 Bh6 33. Re1 Rxd8 34. Rxa4 Bd2 35. Rb1 Bb4 36. Ra2 Kg7 37. Kf1 f5 38. exf5 gxf5 39. Rc2 e4 40. fxe4 fxe4 41. Ke2 Kf6 42. Rd1 Rg8 43. Ke3 Ke5 44. Rd4 Rg4 45. g3 Be7 46. Rd7 Bg5+ 47. Ke2 h5 48. Rc5+ Ke6 49. Rg7 Kf6 50. Rg8 a4 51. h4 Be3 52. Rc6+ 1-0

[Event "IBCA EU-ch blind 04th"]
[Site "Durham"]
[Date "2007.08.14"]
[Round "1.2"]
[White "Iwancio, Lukasz"]
[Black "Krylov, Sergey"]
[Result "0-1"]
[WhiteElo "2009"]
[BlackElo "2409"]
[PlyCount "64"]
[EventDate "2007.08.14"]
[EventType "swiss"]
[EventRounds "9"]
[EventCountry "ENG"]
[SourceTitle "EXT 2008"]
[Source "ChessBase"]
[SourceDate "2007.11.25"]
[SourceVersion "1"]
[SourceVersionDate "2007.11.25"]
[SourceQuality "1"]

1. e4 c5 2. c3 Nf6 3. e5 Nd5 4. d4 cxd4 5. cxd4 d6 6. Nf3 e6 7. Be2 Nc6 8. 0-0 dxe5 9. Nxe5 Nxe5 10. dxe5 Bd7 11. Bf3 Bc6 12. Bd2 Qc7 13. Re1 Rd8 14. Qe2 Be7 15. Nc3 0-0 16. Rac1 Nb4 17. Bxc6 bxc6 18. Nb5 Qb6 19. Bxb4 Bxb4 20. Nc3 Rd4 21. a3 Bxc3 22. Rxc3 Rfd8 23. Rc2 h6 24. h3 c5 25. Rec1 R8d5 26. Qe3 Qb5 27. Qe2 Qb6 28. Qe3 Qc7 29. b4 c4 30. Qe2 Rxe5 31. Rxc4 Rxc4 32. Qxc4 Re1+ 0-1

[Event "IBCA Wch blind 11th"]
[Site "Goa"]
[Date "2006.10.10"]
[Round "2"]
[White "Krylov, Sergey"]
[Black "Palacios Perez, Manuel"]
[Result "1-0"]
[WhiteElo "2393"]
[BlackElo "2206"]
[PlyCount "87"]
[EventDate "2006.10.09"]
[EventType "swiss"]
[EventRounds "9"]
[EventCountry "IND"]
[SourceTitle "CBM 114 Extra"]
[Source "ChessBase"]
[SourceDate "2006.11.03"]
[SourceVersion "1"]
[SourceVersionDate "2006.11.03"]
[SourceQuality "1"]

1. e4 e5 2. Nf3 Nc6 3. Bb5 a6 4. Ba4 Nf6 5. 0-0 Nxe4 6. d4 b5 7. Bb3 d5 8. dxe5 Be6 9. Qe2 Be7 10. Rd1 Qd7 11. c3 0-0 12. Be3 Rfd8 13. h3 Nc5 14. Nbd2 Na5 15. Bc2 Nc4 16. b4 Nxd2 17. Rxd2 Na4 18. Ng5 g6 19. Nxe6 fxe6 20. Qg4 Bf8 21. h4 Bg7 22. h5 Bxe5 23. Bd4 Bxd4 24. cxd4 e5 25. Qxd7 Rxd7 26. dxe5 gxh5 27. Bf5 Rdd8 28. Rc1 Re8 29. Rxc7 Rxe5 30. Rxd5 Rxd5 31. Be6+ Kh8 32. Bxd5 Rd8 33. Bf3 Rd4 34. a3 h4 35. Rc6 Rd3 36. Rxa6 Rxa3 37. Ra5 h3 38. Rxb5 hxg2 39. Kxg2 Nc3 40. Rb8+ Kg7 41. b5 Rb3 42. b6 Na4 43. b7 Nc5 44. Bd5 1-0